Trade and development report, 2005: overview (Record no. 60111)

MARC details
000 -LEADER
fixed length control field 00868nas a2200253 a 4500
003 - CONTROL NUMBER IDENTIFIER
control field CBULib
005 - DATE AND TIME OF LATEST TRANSACTION
control field 20240807145103.0
008 - FIXED-LENGTH DATA ELEMENTS--GENERAL INFORMATION
fixed length control field 100126c20059999||||||||||||||||| || u
040 ## - CATALOGING SOURCE
Original cataloging agency CBULib
Language of cataloging English
Transcribing agency CBULib
Description conventions rda
041 ## - LANGUAGE CODE
Language code of text/sound track or separate title eng
050 ## - LIBRARY OF CONGRESS CALL NUMBER
Classification number UNCTAD(058)TDRO/2005
110 ## - MAIN ENTRY--CORPORATE NAME
Corporate name or jurisdiction name as entry element United Nations Conference on Trade and Development (UNCTAD)
245 10 - TITLE STATEMENT
Title Trade and development report, 2005: overview
Statement of responsibility, etc / by United Nations Conference on Trade and Development (UNCTAD)
260 ## - PUBLICATION, DISTRIBUTION, ETC. (IMPRINT)
Place of publication, distribution, etc New York :
Name of publisher, distributor, etc United Nations,
Date of publication, distribution, etc 2005
300 ## - PHYSICAL DESCRIPTION
Extent 18 pages
336 ## - CONTENT TYPE
Source rdacontent
Content type term Text |
Content type code txt
337 ## - MEDIA TYPE
Source rdamedia
Media type term Unmediated |
Media type code n
338 ## - CARRIER TYPE
Source rdacarrier
Carrier type term Volume
Carrier type code nc
650 ## - SUBJECT ADDED ENTRY--TOPICAL TERM
Topical term or geographic name as entry element COMMERCIAL POLICY--PERIODICALS
650 #0 - SUBJECT ADDED ENTRY--TOPICAL TERM
Topical term or geographic name as entry element INTERNATIONAL ECONOMIC RELATIONS--PERIODICALS
650 #0 - SUBJECT ADDED ENTRY--TOPICAL TERM
Topical term or geographic name as entry element ECONOMICS
650 ## - SUBJECT ADDED ENTRY--TOPICAL TERM
Topical term or geographic name as entry element ECONOMIC DEVELOPMENT--PERIODICALS
942 ## - ADDED ENTRY ELEMENTS (KOHA)
Source of classification or shelving scheme
Koha item type INTERNATIONAL PUBLICATIONS
Holdings
Withdrawn status Lost status Source of classification or shelving scheme Damaged status Not for loan Collection code Permanent Location Current Location Shelving location Date acquired Source of acquisition Full call number Barcode Date last seen Copy number Price effective from Koha item type
          Special Collections CBU-MAIN LIBRARY, KITWE. CBU-MAIN LIBRARY, KITWE. Special Collections 11/30/2022 DEP-UNCTAD UNCTAD(058)TDRO/2005 03005483 11/30/2022 1 11/30/2022 INTERNATIONAL PUBLICATIONS